000 00655nam a2200229 a 4500
001 BRCA_6651
005 20190320205537.0
008 111011s1928----gw-#######---#000-0#ger-#
041 _ager
044 _agw
050 4 _aPT2617
_b.E95 K8
_c1928
100 1 _aRetcliffe, John
_916655
245 1 0 _aDer Kurier der Zarin
_bRoman
_cvon Sir John Retcliffe.
260 _aLeipzig, Alemania
_bWilhelm Goldmann
_c1928
300 _a231 p.
_c19 cm.
500 _aCon firma de Franz Mayer
500 _aEstado físico: Encuadernación rota
500 _aL156
651 4 _aRusia
_vNovela
_xHistoria
_yRevolución, 1917
_916656
902 _aGFM
942 _2lcc
_cB
999 _c6335
_d6335